[Event "WYb18"]
[Site "Kemer TUR"]
[Date "2007.11.28"]
[Round "11"]
[White "Kvon, A."]
[Black "Borsuk, Y."]
[Result "0-1"]
[WhiteElo "2360"]
[BlackElo "2249"]
[PlyCount "101"]
[EventDate "2007.11.18"]
[Source "www.chesslib.no"]
[SourceDate "2004.05.04"]

1. e4 e5 2. Nf3 Nc6 3. Bb5 a6 4. Ba4 Nf6 5. O-O Be7 6. Re1 b5 7. Bb3 O-O 8. c3 d6 9. h3 Na5 10. Bc2 c5 11. d4 Nd7 12. b3 Bf6 13. dxc5 dxc5 14. Nbd2 Nb6 15. Qe2 Be6 16. Nf1 Qc7 17. Ng3 Nc6 18. Be3 Be7 19. Nf5 Bxf5 20. exf5 Rfe8 21. Be4 Bf8 22. f6 g6 23. Ng5 Rad8 24. Qf3 Nb8 25. h4 Rd6 26. h5 Bh6 27. hxg6 hxg6 28. Bxg6 Bxg5 29. Bh7+ Kf8 30. Bxg5 Ree6 31. Qg3 Nc6 32. Bh6+ Ke8 33. Qg8+ Kd7 34. Bf5 Nd8 35. Bxe6+ Rxe6 36. Rad1+ Kc8 37. Rd2 Rd6 38. Red1 Rxd2 39. Rxd2 Nd7 40. Qg4 Ne6 41. Qf3 Kb8 42. Be3 b4 43. cxb4 Nd4 44. Qd1 Nxf6 45. bxc5 Ne4 46. Bxd4 exd4 47. Rxd4 Nxc5 48. Qc1 Qe7 49. Rc4 Ne6 50. Rc8+ Ka7 51. Qc6 0-1

[Event "Borovetz 2003"]
[Site "?"]
[Date "2003.06.25"]
[Round "2"]
[White "Bednikova Stefi"]
[Black "Drenchev Petar"]
[Result "0-1"]
[WhiteElo "2195"]
[BlackElo "2410"]
[PlyCount "80"]
[EventDate "2003.??.??"]
[Source "www.chesslib.no"]
[SourceDate "2004.05.04"]

1. e4 e5 2. Nf3 Nc6 3. Bb5 a6 4. Ba4 Nf6 5. O-O Be7 6. Re1 b5 7. Bb3 O-O 8. c3 d6 9. h3 Na5 10. Bc2 c5 11. d3 Re8 12. Nbd2 Bf8 13. Nf1 g6 14. Ne3 Bg7 15. Nh2 Be6 16. Qf3 Rf8 17. Bd2 Nc6 18. Neg4 Ne8 19. Bb3 Qd7 20. Bxe6 Qxe6 21. Nf1 Rc8 22. Ng3 Kh8 23. Ne3 Ne7 24. Nd5 Nxd5 25. exd5 Qd7 26. c4 f5 27. Qe2 Nf6 28. f3 Rce8 29. b3 e4 30. dxe4 fxe4 31. Rab1 exf3 32. Qxf3 Ne4 33. Qd3 Nf2 34. Qc2 Nxh3+ 35. Kh2 Nf2 36. Bc3 Ng4+ 37. Kg1 Kg8 38. Bxg7 Qxg7 39. Ne4 Qd4+ 40. Kh1 Rxe4 0-1

[Event "Budapest FS03 IM-B"]
[Site "Budapest"]
[Date "2000.03.06"]
[Round "1"]
[White "Kaposztas, Miklos"]
[Black "Kahn, Evarth"]
[Result "1/2-1/2"]
[WhiteElo "2302"]
[BlackElo "2301"]
[PlyCount "29"]
[EventDate "2000.03.05"]
[Source "ChessBase"]
[SourceDate "2000.05.11"]

1. e4 e5 2. Nf3 Nc6 3. Bb5 a6 4. Ba4 Nf6 5. O-O Be7 6. Re1 b5 7. Bb3 O-O 8. c3 d6 9. h3 Na5 10. Bc2 c5 11. d4 cxd4 12. cxd4 Bb7 13. Nbd2 Re8 14. Nf1 h6 15. Ng3 1/2-1/2

[Event "Akropolis Open"]
[Site "Athens GRE"]
[Date "1992.??.??"]
[Round "9"]
[White "Balaskas, Panayotis"]
[Black "Eglezos, Haralambos"]
[Result "1/2-1/2"]
[WhiteElo "2290"]
[BlackElo "2310"]
[PlyCount "22"]
[EventDate "1992.??.??"]
[Source "www.chesslib.no"]
[SourceDate "2004.05.04"]

1. e4 e5 2. Nf3 Nc6 3. Bb5 a6 4. Ba4 Nf6 5. O-O Be7 6. Re1 b5 7. Bb3 O-O 8. c3 d6 9. h3 Na5 10. Bc2 c5 11. d4 Bb7 1/2-1/2

[Event "Czech Republic"]
[Site "?"]
[Date "2003.??.??"]
[Round "8"]
[White "Jasny Stanislav"]
[Black "Vechet Stanislav"]
[Result "1/2-1/2"]
[WhiteElo "2340"]
[BlackElo "2259"]
[PlyCount "61"]
[EventDate "2003.??.??"]
[Source "www.chesslib.no"]
[SourceDate "2004.05.04"]

1. e4 e5 2. Nf3 Nc6 3. Bb5 a6 4. Ba4 Nf6 5. O-O Be7 6. Re1 b5 7. Bb3 O-O 8. c3 d6 9. h3 Na5 10. Bc2 c5 11. d4 cxd4 12. cxd4 Bb7 13. Nbd2 Rc8 14. Nf1 d5 15. dxe5 Nxe4 16. Ng3 f5 17. exf6 Bxf6 18. Nxe4 dxe4 19. Qxd8 Rfxd8 20. Bxe4 Bxe4 21. Rxe4 Rd1+ 22. Re1 Rxe1+ 23. Nxe1 Nc4 24. Rb1 Rd8 25. Kf1 Nd2+ 26. Bxd2 Rxd2 27. Nf3 Rxb2 28. Rxb2 Bxb2 29. Ke2 h6 30. Kd3 Kf7 31. Kc2 1/2-1/2

[Event "Corr"]
[Site "?"]
[Date "2004.??.??"]
[Round "?"]
[White "Risch Herbert(GER)"]
[Black "Geldner Daniella(GER)"]
[Result "0-1"]
[WhiteElo "2292"]
[BlackElo "2305"]
[PlyCount "102"]
[EventDate "2004.??.??"]
[Source "www.chesslib.no"]
[SourceDate "2004.05.04"]

1. e4 e5 2. Nf3 Nc6 3. Bb5 a6 4. Ba4 Nf6 5. O-O Be7 6. Re1 b5 7. Bb3 O-O 8. c3 d6 9. h3 Na5 10. Bc2 c5 11. d4 Bb7 12. Nbd2 cxd4 13. cxd4 exd4 14. Nxd4 Re8 15. Nf1 Bf8 16. Bg5 h6 17. Bxf6 Qxf6 18. Qd3 g6 19. a4 b4 20. Nh2 Bg7 21. Nhf3 Rac8 22. Rab1 Qf4 23. Re2 Nc4 24. Rbe1 d5 25. exd5 Rxe2 26. Nxe2 Qd6 27. Bb3 Qxd5 28. Qxd5 Bxd5 29. Nf4 Bxf3 30. gxf3 Nxb2 31. Re7 Nc4 32. Nxg6 Bf6 33. Rb7 a5 34. Nf4 Kf8 35. Kg2 Bd8 36. Rd7 Ke8 37. Rd3 Bg5 38. Nd5 Ne5 39. Rd4 Nd7 40. f4 Bd8 41. Rd1 Nc5 42. Bc4 Kf8 43. Bb5 Nb3 44. Rd3 Nc1 45. Rd2 Be7 46. Nxe7 Kxe7 47. Rd7+ Kf6 48. Rb7 b3 49. Rb6+ Ke7 50. f5 Kd8 51. Bf1 Rc3 0-1

[Event "Schneider Bohemia op-A"]
[Site "?"]
[Date "2000.??.??"]
[Round "?"]
[White "Hadraba Vladimir"]
[Black "Dolezal Radoslav Jr"]
[Result "1/2-1/2"]
[WhiteElo "2240"]
[BlackElo "2355"]
[PlyCount "37"]
[EventDate "2000.??.??"]
[Source "www.chesslib.no"]
[SourceDate "2004.05.04"]

1. e4 e5 2. Nf3 Nc6 3. Bb5 a6 4. Ba4 Nf6 5. O-O Be7 6. Re1 b5 7. Bb3 O-O 8. c3 d6 9. h3 Na5 10. Bc2 c5 11. d3 Qc7 12. Nbd2 Re8 13. Nf1 Bf8 14. Bg5 Nd7 15. Ne3 Nb6 16. Rc1 Nc6 17. d4 f6 18. Bh4 Ne7 19. Bg3 1/2-1/2

[Event "Budapest FS07 IM-B"]
[Site "Budapest"]
[Date "2002.07.07"]
[Round "2"]
[White "Eperjesi, Laszlo"]
[Black "Hardicsay, Peter"]
[Result "1/2-1/2"]
[WhiteElo "2289"]
[BlackElo "2302"]
[PlyCount "25"]
[EventDate "2002.07.06"]
[Source "ChessBase"]
[SourceDate "2002.09.11"]

1. e4 e5 2. Nf3 Nc6 3. Bb5 a6 4. Ba4 Nf6 5. O-O Be7 6. Re1 b5 7. Bb3 O-O 8. c3 d6 9. h3 Na5 10. Bc2 c5 11. d4 cxd4 12. cxd4 Bd7 13. Nbd2 1/2-1/2

[Event "Bartis Memorial A 9198"]
[Site "Bartis Memorial A 9198"]
[Date "1994.??.??"]
[Round "?"]
[White "Marcussi, Bartolome J"]
[Black "Laurencena, Alberto"]
[Result "1-0"]
[WhiteElo "2275"]
[BlackElo "2315"]
[PlyCount "57"]
[EventDate "1994.??.??"]
[Source "www.chesslib.no"]
[SourceDate "2004.05.04"]

1. e4 e5 2. Nf3 Nc6 3. Bb5 a6 4. Ba4 Nf6 5. O-O Be7 6. Re1 b5 7. Bb3 O-O 8. c3 d6 9. h3 Na5 10. Bc2 c5 11. d4 Nd7 12. dxc5 dxc5 13. Nbd2 f6 14. a4 Bb7 15. Nh4 Rf7 16. Nf5 Bf8 17. Qg4 Kh8 18. Nf3 Nb6 19. axb5 axb5 20. h4 Rd7 21. h5 Nac4 22. Rxa8 Qxa8 23. N3h4 Kg8 24. h6 Kh8 25. hxg7+ Bxg7 26. Nxg7 Rxg7 27. Qe6 Qg8 28. Qxf6 Nd7 29. Qh6 1-0